Foot-Classement Champions League 24-25 - Statistiques

Statistiques générales
  • Ce quiz a été pris 136 fois
  • Le résultat moyen est 17 sur 24
Statistiques - réponses
Hint Réponse % Correct
2 FC Barcelone
95%
4 Inter Milan
95%
15 PSG
94%
1 Liverpool FC
93%
22 Manchester City
91%
11 Real Madrid
91%
3 Arsenal
89%
10 Borrusia Dortmund
89%
12 Bayern Munich
88%
18 Brest
83%
7 Lille
82%
5 Atletico Madrid
76%
20 Juventus
71%
17 Monaco
71%
13 AC Milan
69%
16 Benfica
68%
8 Aston Villa
67%
6 Bayer Leverkusen
61%
14 PSV
56%
23 Sporting
56%
9 Atalanta Bergame
44%
19 Feyenoord
42%
24 Bruges
35%
21 Celtic
30%
Aucun quiz correspondant
Distribution des résultats
% des personnes avec chaque résultat
Percentile par nombre de réponses
Votre historique - résultats
Vous n’avez pas pris ce quiz